000 00253nam a22001217a 4500
082 _a153.4
_bKAV/F
100 _aKAVILPAD,A.B.V
245 _a555 QUOTATIONS
260 _aTHRISSUR
_bH&C BOOKS
300 _a64
650 _aQUOTATIONS
_zKERALA
942 _cBK
999 _c3744
_d3744